[Event "International chess holiday K21"]
[Site "Praha"]
[Date "2014.07.27"]
[Round "2"]
[White "Thomasson, Staffan"]
[Black "Schoenmakers, Nico"]
[Result "0-1"]
[WhiteElo "1882"]
[BlackElo "1885"]
[Annotator "Koller,Martin"]
[PlyCount "88"]
[TimeControl "240+2"]

1. c4 c6 2. e3 e6 3. b3 d5 4. Bb2 Nd7 5. Nf3 Ngf6 6.
Be2 Be7 7. O-O O-O 8. d3 a6 9. Nbd2 b5 10. Rc1 Bb7 11. Kh1 Ne8 12. Rg1 Bf6 13.
d4 b4 14. c5 a5 15. g4 Ba6 16. g5 Bxe2 17. Qxe2 Be7 18. Rg3 f5 19. Rcg1 g6 20.
Nh4 Ng7 21. f4 Nh5 22. Rh3 Rf7 23. Ndf3 Bf8 24. Ng2 Rg7 25. Nge1 a4 26. Nd3 Qa5
27. Nfe5 Nxe5 28. Nxe5 Qc7 29. Qd2 axb3 30. axb3 Qb7 31. Nd3 Ra2 32. Rf3 Qb5
33. Nxb4 Rxb2 34. Qxb2 Qxb4 35. Ra1 Rb7 36. Ra6 Qe1+ 37. Kg2 Qd1 38. b4 Qe1 39.
Rxc6 Rxb4 40. Qf2 Qb1 41. Kh3 Rb8 42. Qf1 Qc2 43. Qg1 Qe2 44. Rf1 Ng7 0-1

[Event "International chess holiday K21"]
[Site "Praha"]
[Date "2014.07.27"]
[Round "2"]
[White "Wolf, Ulrich"]
[Black "Reichmann, Steffen"]
[Result "1/2-1/2"]
[WhiteElo "2071"]
[BlackElo "1966"]
[Annotator "Koller,Martin"]
[PlyCount "59"]
[TimeControl "240+2"]

1. Nf3 d6 2. c4 e5 3. e4 Nc6 4. h3 g6 5. d4 Bg7 6. Be3 Nge7 7. Nc3 O-O
8. d5 Nb8 9. g4 f5 10. gxf5 gxf5 11. Bg5 f4 12. Rg1 Kh8 13. Nh4 Bf6 14. Qh5 Na6
15. Qh6 Bxg5 16. Rxg5 Rf7 17. O-O-O Bd7 18. Be2 Qf8 19. Qh5 Rg7 20. Rdg1 Rxg5
21. Qxg5 c6 22. Bg4 Bxg4 23. Rxg4 Qf7 24. Qh6 Rd8 25. b3 Nc5 26. Kd2 Ng8 27.
Qg5 Nf6 28. f3 Rg8 29. Qf5 Rf8 30. Rg1 1/2-1/2

[Event "International chess holiday M21"]
[Site "Praha"]
[Date "2014.07.28"]
[Round "3"]
[White "Barthel, Ansgar"]
[Black "Koubek, Vaclav"]
[Result "1-0"]
[WhiteElo "2226"]
[BlackElo "2057"]
[Annotator "Koller,Martin"]
[PlyCount "67"]
[TimeControl "240+2"]

1. e4 e5 2. Nf3 Nc6 3. Bc4 Bc5 4. Nc3 Nf6 5. d3 d6 6. Bg5 a6 7. Nd5 Na5
8. b4 Nxc4 9. bxc5 Na5 10. cxd6 cxd6 11. O-O Nc6 12. c3 h6 13. Bxf6 gxf6 14.
Nh4 Rg8 15. Qf3 Kf8 16. Qxf6 Qxf6 17. Nxf6 Rg7 18. f4 exf4 19. Rxf4 Ne5 20. d4
Ng6 21. Nxg6+ Rxg6 22. Raf1 Bh3 23. R1f2 Rc8 24. R4f3 Bg4 25. Rg3 Bd1 26. Rd3
Ba4 27. Rdf3 Rg7 28. Rb2 Rb8 29. Rb6 Ke7 30. Nd5+ Kd7 31. Rf6 Bc6 32. Rxh6 f5
33. e5 dxe5 34. Rhxc6 1-0

[Event "International chess holiday M21"]
[Site "Praha"]
[Date "2014.07.28"]
[Round "3"]
[White "Bilek, Roman"]
[Black "Sisak, Richard"]
[Result "1-0"]
[WhiteElo "1958"]
[BlackElo "2017"]
[Annotator "Koller,Martin"]
[PlyCount "63"]
[TimeControl "240+2"]

1. e4 d6 2. d4 g6 3. Nf3 Bg7 4. Nc3 a6 5. a4 b6 6. Bc4 e6 7. O-O h6 8.
h3 Ne7 9. Re1 Bb7 10. Qe2 O-O 11. Be3 Nd7 12. Qd2 Kh7 13. Rad1 Nf6 14. Bd3 d5
15. e5 Nd7 16. Ne2 c5 17. c3 Qc7 18. Nf4 c4 19. Bc2 Bc6 20. Nh5 Ng8 21. Nxg7
Kxg7 22. g4 Rfb8 23. h4 Nf8 24. h5 b5 25. axb5 Rxb5 26. g5 hxg5 27. hxg6 Nxg6
28. Nxg5 Rxb2 29. Kg2 Ba4 30. Rc1 N8e7 31. Rh1 Nf5 32. Rh7+ 1-0

[Event "International chess holiday M21"]
[Site "Praha"]
[Date "2014.07.28"]
[Round "3"]
[White "Dalling, Peter"]
[Black "Nilsson, Patrik"]
[Result "0-1"]
[WhiteElo "1907"]
[BlackElo "2121"]
[Annotator "Koller,Martin"]
[PlyCount "58"]
[TimeControl "240+2"]

1. e4 e6 2. d4 d5 3. exd5 exd5 4. c3 Bd6 5. Be3 Ne7 6. Bd3 c6 7. Nd2
Nf5 8. Qg4 h5 9. Qe2 Nxe3 10. Qxe3+ Qe7 11. Qxe7+ Bxe7 12. Ngf3 O-O 13. O-O-O
c5 14. Rde1 Nc6 15. h3 g6 16. g4 hxg4 17. hxg4 cxd4 18. g5 dxc3 19. bxc3 Kg7
20. Bb5 Ba3+ 21. Kc2 a6 22. Bd3 Bd7 23. Nb3 Rac8 24. Kd2 b5 25. Ne5 Nxe5 26.
Rxe5 Bb2 27. Re3 Bxc3+ 28. Ke2 d4 29. Re4 Rfe8 0-1

[Event "International chess holiday M21"]
[Site "Praha"]
[Date "2014.07.28"]
[Round "3"]
[White "Michalek, Frantisek"]
[Black "Gregor, Jiri"]
[Result "0-1"]
[WhiteElo "2058"]
[BlackElo "2307"]
[Annotator "Koller,Martin"]
[PlyCount "60"]
[TimeControl "240+2"]

1. e4 c5 2. Nf3 Nc6 3. Nc3 Nf6 4. d4 cxd4 5. Nxd4 e6 6. Bg5 d6 7. Bb5
Bd7 8. Qd2 Be7 9. O-O-O Qc7 10. Rhe1 a6 11. Bxc6 Bxc6 12. f4 h6 13. Bxf6 gxf6
14. f5 Bd7 15. Qe2 O-O-O 16. Qh5 Rdf8 17. Re3 Kb8 18. Qe2 Rfg8 19. g4 h5 20. h3
hxg4 21. hxg4 Bf8 22. Kb1 Qc5 23. Rg3 Qe5 24. Qg2 d5 25. exd5 exf5 26. Nf3 Qd6
27. Qg1 fxg4 28. Ne4 Qf4 29. Nfd2 f5 30. Rf1 Qe5 0-1

[Event "International chess holiday M21"]
[Site "Praha"]
[Date "2014.07.28"]
[Round "3"]
[White "Scherer, Frank"]
[Black "Hanl, Frantisek"]
[Result "0-1"]
[WhiteElo "2063"]
[BlackElo "1958"]
[Annotator "Koller,Martin"]
[PlyCount "82"]
[TimeControl "240+2"]

1. e4 c5 2. Nf3 Nc6 3. d4 cxd4 4. Nxd4 Nf6 5. Nc3 e5 6. Ndb5 d6 7. Bg5
a6 8. Na3 b5 9. Bxf6 gxf6 10. Nd5 f5 11. c3 Bg7 12. exf5 Bxf5 13. Nc2 O-O 14.
Nce3 Be6 15. g3 Rb8 16. Bg2 b4 17. O-O bxc3 18. bxc3 Ne7 19. Qa4 f5 20. Rad1
Nxd5 21. Bxd5 Qc8 22. Bxe6+ Qxe6 23. Qxa6 Rfd8 24. Nd5 f4 25. Qc4 Kh8 26. Qe4
fxg3 27. hxg3 Rf8 28. Rb1 Rxb1 29. Rxb1 Qh6 30. Ne3 Qe6 31. c4 Qf7 32. Rb2 Qa7
33. Nf5 Qf7 34. g4 Qg6 35. Rb7 Bh6 36. f3 Bf4 37. Ra7 d5 38. Qc2 Qb6+ 39. Qf2
d4 40. Re7 Rxf5 41. gxf5 Be3 0-1

[Event "International chess holiday K21"]
[Site "Praha"]
[Date "2014.07.28"]
[Round "3"]
[White "Klamp, Cristoph"]
[Black "Thomasson, Staffan"]
[Result "1/2-1/2"]
[WhiteElo "2053"]
[BlackElo "1882"]
[Annotator "Koller,Martin"]
[PlyCount "51"]
[TimeControl "240+2"]

1. Nf3 Nf6 2. c4 c5 3. g3 b6 4. Bg2 Bb7 5. O-O e6 6. Nc3 Be7 7. Re1 O-O
8. e4 d6 9. d4 cxd4 10. Nxd4 a6 11. Be3 Nbd7 12. Rc1 Qc7 13. b3 Rac8 14. h3 Qb8
15. f4 Qa8 16. Bf2 Nc5 17. Qe2 Rfe8 18. a4 d5 19. cxd5 exd5 20. Nxd5 Nxd5 21.
exd5 Bxd5 22. Bxd5 Qxd5 23. b4 Bf8 24. Qxe8 Rxe8 25. Rxe8 Nd7 26. Ra8 neèitelné 1/2-1/2

[Event "International chess holiday K21"]
[Site "Praha"]
[Date "2014.07.28"]
[Round "3"]
[White "Koubek, Vaclav"]
[Black "Skopec, Lubos"]
[Result "1-0"]
[WhiteElo "2033"]
[BlackElo "1959"]
[Annotator "Koller,Martin"]
[PlyCount "143"]
[TimeControl "240+2"]

1. e4 c5 2. Nc3 Nc6 3. g3 g6 4. Bg2 Bg7 5. d3 e6 6. Be3 d6 7. f4 Nge7
8. Nf3 Nd4 9. O-O O-O 10. e5 Nxf3+ 11. Qxf3 Nf5 12. Bf2 Nd4 13. Qd1 dxe5 14.
fxe5 Bxe5 15. Ne4 Rb8 16. c3 Nf5 17. Bxc5 Re8 18. Bxa7 Ra8 19. Bf2 Bd7 20. d4
Bg7 21. a3 Bc6 22. Qd2 Nd6 23. Nxd6 Qxd6 24. Be3 Red8 25. Bg5 Bxg2 26. Qxg2 Rd7
27. Rad1 Qb6 28. Qf2 Qb3 29. Rd2 Qd5 30. Qf4 b5 31. Re2 Qc4 32. Qf3 Rc8 33.
Ref2 Rf8 34. Bf6 Bxf6 35. Qxf6 Qc7 36. Rf4 Qd8 37. Qxd8 Rfxd8 38. Rf6 Kg7 39.
R1f4 Rf8 40. Kf1 Rd5 41. Rf3 Rf5 42. R6xf5 gxf5 43. Re3 Rb8 44. Re5 Rb6 45. Ke2
f6 46. Rc5 Kg6 47. Kf3 h5 48. h4 Kf7 49. Kf4 Kg6 50. Rc8 Rd6 51. Rg8+ Kf7 52.
Rb8 Rd5 53. Rb6 e5+ 54. dxe5 Rxe5 55. Kf3 Rd5 56. Ke3 Kg6 57. Rc6 Re5+ 58. Kf3
Rd5 59. c4 Rd3+ 60. Kf4 Rd4+ 61. Ke3 Re4+ 62. Kd3 bxc4+ 63. Rxc4 Re1 64. Rf4
Rb1 65. Kc3 Rc1+ 66. Kb4 Rc2 67. b3 Re2 68. a4 Re3 69. a5 Rxg3 70. a6 Rg1 71.
Kb5 Kf7 72. a7 1-0

[Event "International chess holiday K21"]
[Site "Praha"]
[Date "2014.07.28"]
[Round "3"]
[White "Reichmann, Steffen"]
[Black "Andersson, Stefan"]
[Result "0-1"]
[WhiteElo "1966"]
[BlackElo "1902"]
[Annotator "Koller,Martin"]
[PlyCount "40"]
[TimeControl "240+2"]

1. e4 e5 2. d4 exd4 3. Qxd4 Nc6 4. Qe3 Bb4+ 5. Nc3 d6 6. Bd2 Nf6 7.
O-O-O Be6 8. f4 Bc5 9. Qg3 Qe7 10. e5 Ng4 11. Nh3 O-O-O 12. Bb5 Nd4 13. Bd3 h5
14. Rhf1 h4 15. Qe1 Nxh2 16. Rh1 Bxh3 17. gxh3 Nhf3 18. Qe4 dxe5 19. Rhf1 f5
20. Nd5 Qf7 0-1

[Event "International chess holiday K21"]
[Site "Praha"]
[Date "2014.07.28"]
[Round "3"]
[White "Schoenmakers, Nico"]
[Black "Lammers, Frank"]
[Result "0-1"]
[WhiteElo "1885"]
[BlackElo "1999"]
[Annotator "Koller,Martin"]
[PlyCount "100"]
[TimeControl "240+2"]

1. e4 e6 2. d4 d5 3. exd5 exd5 4. Bd3 Nc6 5. c3 Bd6 6. Nf3 Nge7 7. O-O
Bg4 8. Re1 Qd7 9. Bg5 f6 10. Bh4 O-O-O 11. Nbd2 Bf5 12. Nf1 Bxd3 13. Qxd3 g5
14. Bg3 Nf5 15. Bxd6 Nxd6 16. N3d2 h5 17. Re2 h4 18. Rae1 h3 19. g3 f5 20. f3
g4 21. f4 Ne4 22. Nxe4 dxe4 23. Qb5 a6 24. Qa4 Ne7 25. Qa5 Qb5 26. Qxb5 axb5
27. a3 Rh6 28. Ne3 Rhd6 29. Rd1 c5 30. Red2 cxd4 31. Rxd4 Rxd4 32. Rxd4 Rxd4
33. cxd4 Kd7 34. Kf2 Ke6 35. Ke2 Nd5 36. Nf1 Nb6 37. b3 Nd5 38. Kd2 b4 39. axb4
Nxb4 40. Ne3 Nd5 41. Nf1 Kd6 42. Ke2 Nc3+ 43. Kd2 Nb5 44. d5 Kxd5 45. Ne3+ Ke6
46. Nc2 Kd6 47. Ke3 Kc5 48. Kd2 Nd4 49. b4+ Kc4 50. Ne3+ Kxb4 0-1

[Event "International chess holiday K21"]
[Site "Praha"]
[Date "2014.07.28"]
[Round "3"]
[White "Vesely, Jaromir"]
[Black "Wolf, Ulrich"]
[Result "1/2-1/2"]
[WhiteElo "1949"]
[BlackElo "2071"]
[Annotator "Koller,Martin"]
[PlyCount "33"]
[TimeControl "240+2"]

1. d4 Nf6 2. c4 e6 3. Nc3 Bb4 4. Bd2 c5 5. a3 Bxc3 6. Bxc3 cxd4 7. Qxd4
O-O 8. e3 b6 9. Bd3 Bb7 10. Qh4 Ne4 11. Qxd8 Rxd8 12. Bd4 Nc5 13. Bf1 d5 14.
cxd5 Nb3 15. Rd1 Nxd4 16. Rxd4 Rxd5 17. Nf3 1/2-1/2

[Event "International chess holiday M21"]
[Site "Praha"]
[Date "2014.07.29"]
[Round "4"]
[White "Gregor, Jiri"]
[Black "Hanl, Frantisek"]
[Result "1-0"]
[WhiteElo "2307"]
[BlackElo "1958"]
1. d4 c5 2. d5 Nf6 3. c4 b5 4. cxb5 a6 5. f3 axb5 6. e4 b4 7. e5 Ng8 8.
Nh3 f6 9. f4 fxe5 10. fxe5 e6 11. Ng5 Be7 12. dxe6 dxe6 13. Bb5+ Bd7 14. Nxe6
Qb6 15. Nxg7+ Kd8 16. Bxd7 1-0

[Event "International chess holiday M21"]
[Site "Praha"]
[Date "2014.07.29"]
[Round "4"]
[White "Koubek, Vaclav"]
[Black "Dalling, Peter"]
[Result "1-0"]
[WhiteElo "2057"]
[BlackElo "1907"]
1. e4 e5 2. Nf3 Nf6 3. Nc3 Nc6 4. Bc4 Be7 5. d3 d6 6. O-O O-O 7. Ne2
Bg4 8. c3 d5 9. exd5 Nxd5 10. Ng3 Kh8 11. h3 Be6 12. Re1 Bf6 13. Ne4 Na5 14.
Bb5 a6 15. Ba4 b5 16. Bc2 Nb7 17. Nxf6 gxf6 18. d4 Rg8 19. Kh2 Qd6 20. g3 Qd7
21. Qd3 f5 22. Nxe5 Qc8 23. Qf3 Nf6 24. Qf4 Nd6 25. Qh6 Nde8 26. Bxf5 Rg7 27.
Nxf7+ Rxf7 28. Bxe6 Qb7 29. Bxf7 Qf3 30. Qf8+ 1-0

[Event "International chess holiday M21"]
[Site "Praha"]
[Date "2014.07.29"]
[Round "4"]
[White "Michalek, Frantisek"]
[Black "Barthel, Ansgar"]
[Result "1/2-1/2"]
[WhiteElo "2058"]
[BlackElo "2226"]
1. e4 Nf6 2. e5 Nd5 3. c4 Nb6 4. d4 d6 5. exd6 cxd6 6. Nc3 g6 7. Be3
Bg7 8. Rc1 O-O 9. b3 Bf5 10. Nf3 d5 11. c5 Nc8 12. Be2 Nc6 13. O-O Bg4 14. h3
Bxf3 15. Bxf3 e6 16. b4 a6 17. Rb1 N8e7 18. g4 f5 19. Ne2 fxg4 20. Bxg4 Nf5 21.
Qd2 Qf6 22. a4 h5 23. Bxf5 Qxf5 24. b5 axb5 25. axb5 Na5 26. Nf4 Nc4 27. Qd3
Qxd3 28. Nxd3 Rf3 29. Nf4 Nxe3 30. fxe3 Rxe3 31. Rb4 Re4 32. c6 bxc6 33. bxc6
Bxd4+ 34. Kh1 Rf8 35. c7 Be5 36. Rxe4 dxe4 37. Rc1 Rc8 38. Nxe6 e3 39. Re1 Kf7
40. Nd8+ Kf6 41. Rxe3 Rxc7 42. Rf3+ Ke7 43. Nf7 Bf6 44. Nd6 Rc1+ 45. Kg2 Rc2+
46. Kh1 Re2 47. Nc4 Bd4 48. Rd3 Re4 49. Kg2 g5 50. Nd2 Re2+ 51. Kf3 Rf2+ 52.
Kg3 Rf4 53. Nf3 Bf6 54. Rd5 h4+ 55. Kg2 g4 56. hxg4 Rxg4+ 57. Kh1 Rf4 58. Kg2
Rg4+ 59. Kh1 Rg3 60. Ng1 Ke6 61. Rd2 Be5 62. Rg2 Re3 63. Re2 Rxe2 64. Nxe2
1/2-1/2

[Event "International chess holiday K21"]
[Site "Praha"]
[Date "2014.07.29"]
[Round "4"]
[White "Andersson, Stefan"]
[Black "Skopec, Lubos"]
[Result "1/2-1/2"]
[WhiteElo "1902"]
[BlackElo "1959"]
[Annotator "Koller,Martin"]
[PlyCount "53"]
[TimeControl "240+2"]

1. d4 Nf6 2. c4 e6 3. Nf3 d5 4. e3 Be7 5. Be2 O-O 6. O-O Nbd7 7. b3 b6
8. Bb2 Bb7 9. Nbd2 c5 10. Rc1 Rc8 11. h3 h6 12. cxd5 Nxd5 13. Nc4 N5f6 14. Nfe5
Nxe5 15. Nxe5 cxd4 16. Qxd4 Qd5 17. Bf3 Qxd4 18. Bxd4 Bxf3 19. gxf3 Ba3 20. Rc6
Nd5 21. Rd1 Rfd8 22. Rd2 f6 23. Rdc2 Rxc6 24. Nxc6 Rd7 25. Nb8 Rd8 26. Nc6 Rd7
27. Nb8 1/2-1/2

[Event "International chess holiday K21"]
[Site "Praha"]
[Date "2014.07.29"]
[Round "4"]
[White "Lammers, Frank"]
[Black "Klamp, Cristoph"]
[Result "1/2-1/2"]
[WhiteElo "1999"]
[BlackElo "2053"]
[Annotator "Koller,Martin"]
[PlyCount "97"]
[TimeControl "240+2"]

1. d4 f5 2. Nc3 d5 3. Bf4 a6 4. e3 Nf6 5. h3 e6 6. Bd3
c5 7. dxc5 Bxc5 8. Nf3 Nc6 9. Ne2 Qb6 10. Rb1 Nb4 11. c3 Nxd3+ 12. Qxd3 Bd7 13.
Ned4 Rc8 14. O-O Bd6 15. Rfe1 Qc7 16. Ng5 Ke7 17. Ngf3 h6 18. Bxd6+ Qxd6 19.
Nh4 Kf7 20. g3 Rhf8 21. Kg2 g6 22. f4 g5 23. fxg5 hxg5 24. Nhxf5 exf5 25. Nxf5
Bxf5 26. Qxf5 Qe6 27. Qxg5 Rg8 28. Qf4 Rc4 29. Qf3 Ke7 30. Rbd1 Qe4 31. Rf1 Ke6
32. Kh2 Qxf3 33. Rxf3 b5 34. a3 a5 35. g4 b4 36. axb4 axb4 37. Rd3 bxc3 38.
bxc3 Ne4 39. Rf5 Nxc3 40. Rd2 Rb8 41. Kg2 Ne4 42. Ra2 Rc6 43. h4 Rb3 44. Kf3
Rb1 45. Rh5 Rf1+ 46. Kg2 Rf6 47. g5 Rg6 48. Rh8 Kf5 49. Kf3 1/2-1/2

[Event "International chess holiday K21"]
[Site "Praha"]
[Date "2014.07.29"]
[Round "4"]
[White "Reichmann, Steffen"]
[Black "Vesely, Jaromir"]
[Result "0-1"]
[WhiteElo "1966"]
[BlackElo "1949"]
[Annotator "Koller,Martin"]
[PlyCount "46"]
[TimeControl "240+2"]

1. e4 e6 2. Nf3 c5 3. a3 a6 4. b4 d5 5. e5 Nc6 6. bxc5 Bxc5 7. d4 Bb6
8. c3 Nge7 9. Bd3 Na5 10. O-O Qc7 11. Ng5 Nf5 12. g4 h6 13. gxf5 hxg5 14. Bxg5
f6 15. Bf4 exf5 16. Qf3 g5 17. Bg3 f4 18. Bg6+ Kf8 19. Qxd5 Bh3 20. Re1 fxg3
21. fxg3 Rh6 22. exf6 Rxg6 23. Re7 Rxf6 0-1

[Event "International chess holiday K21"]
[Site "Praha"]
[Date "2014.07.29"]
[Round "4"]
[White "Wolf, Ulrich"]
[Black "Schoenmakers, Nico"]
[Result "1-0"]
[WhiteElo "2070"]
[BlackElo "1885"]
[Annotator "Koller,Martin"]
[PlyCount "57"]
[TimeControl "240+2"]

1. Nf3 d5 2. c4 e6 3. b3 c6 4. Bb2 Nd7 5. Qc2 Ngf6 6. d3 Be7 7. g3 O-O
8. Bg2 b5 9. Nbd2 Bb7 10. O-O a6 11. Rac1 Rc8 12. e4 dxe4 13. dxe4 b4 14. e5
Ne8 15. Ne4 f5 16. exf6 Bxf6 17. Nxf6+ Nexf6 18. Rfe1 Re8 19. Rcd1 Qc7 20. c5
Re7 21. Bh3 Rce8 22. Rd6 Nf8 23. Bxf6 gxf6 24. Qc4 Bc8 25. Qxb4 Kg7 26. Nd4 e5
27. Rxc6 Qb7 28. Qxb7 Bxb7 29. Nf5+ 1-0

[Event "International chess holiday K21"]
[Site "Praha"]
[Date "2014.07.29"]
[Round "4"]
[White "Thomasson, Staffan"]
[Black "Koubek, Vaclav"]
[Result "0-1"]
[WhiteElo "1882"]
[BlackElo "2033"]
[Annotator "Koller,Martin"]
[PlyCount "94"]
[TimeControl "240+2"]

1. c4 Nf6 2. Nf3 g6 3. b3 Bg7 4. Bb2 O-O 5. e3 d6 6. Be2 e5 7. d3 Nc6
8. Nbd2 b6 9. O-O Bb7 10. Rc1 Re8 11. a3 a5 12. Re1 Qd7 13. Qc2 Nh5 14. Ng5 h6
15. Nge4 f5 16. Bxh5 gxh5 17. Nc3 Kh7 18. Nd5 Rg8 19. Qd1 Qf7 20. Nf3 Bh8 21.
Re2 Ne7 22. Ne1 Nxd5 23. cxd5 Bxd5 24. b4 axb4 25. axb4 c5 26. Ra1 Qb7 27. f4
cxb4 28. Rf2 exf4 29. Rxa8 Qxa8 30. Qxh5 Rg5 31. Qe2 Bxb2 32. Qxb2 fxe3 33. Rc2
b3 34. Rc7+ Kg6 35. Rg7+ Kh5 36. Qe2+ Bf3 37. Rxg5+ hxg5 38. Nxf3 g4 39. Ne1
Qe8 40. h3 Qe5 41. hxg4+ fxg4 42. Qd1 b2 43. Qb3 Qf6 44. Qb5+ Kh4 45. Nf3+ gxf3
46. Qb4+ Kg3 47. d4 fxg2 0-1

[Event "International chess holiday M21"]
[Site "Praha"]
[Date "2014.07.29"]
[Round "5"]
[White "Bilek, Roman"]
[Black "Koubek, Vaclav"]
[Result "0-1"]
[WhiteElo "1958"]
[BlackElo "2057"]
[Annotator "Koller,Martin"]
[PlyCount "22"]
[TimeControl "240+2"]

1. e4 e5 2. Nf3 Nc6 3. d4 exd4 4. Nxd4 Bc5 5. Be3 Qf6 6. c3 Nge7 7. Be2
Qg6 8. Bf3 Ne5 9. O-O O-O 10. Nf5 Nxf5 11. Bxc5 Nh4 0-1

[Event "International chess holiday M21"]
[Site "Praha"]
[Date "2014.07.29"]
[Round "5"]
[White "Dalling, Peter"]
[Black "Michalek, Frantisek"]
[Result "1/2-1/2"]
[WhiteElo "1907"]
[BlackElo "2058"]
[Annotator "Koller,Martin"]
[PlyCount "20"]
[TimeControl "240+2"]

1. Nc3 d5 2. e4 Nf6 3. exd5 Nxd5 4. Ne4 Nf6 5. Ng3 e5 6. d3 Bc5 7. Be3
Qe7 8. Be2 Bxe3 9. fxe3 Qb4+ 10. Kf2 Qxb2 1/2-1/2

[Event "International chess holiday M21"]
[Site "Praha"]
[Date "2014.07.29"]
[Round "5"]
[White "Scherer, Frank"]
[Black "Nilsson, Patrik"]
[Result "0-1"]
[WhiteElo "2063"]
[BlackElo "2121"]
[Annotator "Koller,Martin"]
[PlyCount "80"]
[TimeControl "240+2"]

1. e4 e6 2. Nf3 d5 3. e5 b6 4. d4 Qd7 5. Bf4 Ne7 6. c3 Ba6 7. Bxa6 Nxa6
8. Qe2 Nb8 9. O-O c5 10. h4 h5 11. Na3 cxd4 12. Nxd4 Nbc6 13. Nxc6 Qxc6 14. Nb5
Ng6 15. Bg5 a6 16. Nd4 Qc7 17. f4 Bc5 18. f5 Qxe5 19. Qf2 Bxd4 20. cxd4 Qxf5
21. Qxf5 exf5 22. Rae1+ Kd7 23. Rxf5 f6 24. Rxd5+ Kc6 25. Rf5 Rae8 26. Rc1+ Kd7
27. Bd2 Re2 28. Bb4 Rxg2+ 29. Kf1 Nxh4 30. Rd5+ Ke6 31. Rd6+ Kf5 32. Be1 Rh2
33. Rxb6 Nf3 34. Rc5+ Kg4 35. Bf2 Re8 36. Rc3 h4 37. d5 Re4 38. d6 h3 39. Rxf3
Rh1+ 40. Bg1 h2 0-1

[Event "International chess holiday K21"]
[Site "Praha"]
[Date "2014.07.29"]
[Round "5"]
[White "Klamp, Cristoph"]
[Black "Wolf, Ulrich"]
[Result "1/2-1/2"]
[WhiteElo "2053"]
[BlackElo "2071"]
[Annotator "Koller,Martin"]
[PlyCount "26"]
[TimeControl "240+2"]

1. Nf3 c5 2. c4 b6 3. Nc3 Bb7 4. g3 Nf6 5. Bg2 e6 6. O-O a6 7. Re1 Be7
8. e4 d6 9. d4 cxd4 10. Nxd4 Qc7 11. Be3 Nbd7 12. Rc1 O-O 13. b3 Rac8 1/2-1/2

[Event "International chess holiday K21"]
[Site "Praha"]
[Date "2014.07.29"]
[Round "5"]
[White "Koubek, Vaclav"]
[Black "Lammers, Frank"]
[Result "0-1"]
[WhiteElo "2033"]
[BlackElo "1999"]
[Annotator "Koller,Martin"]
[PlyCount "118"]
[TimeControl "240+2"]

1. e4 c6 2. d4 d5 3. Nc3 g6 4. Nf3 Bg7 5. e5 Nh6 6. h3 O-O 7. Bf4 f6 8.
Qd2 Nf7 9. Be2 Na6 10. O-O Nc7 11. Rfe1 Ne6 12. Bg3 fxe5 13. Nxe5 Nxe5 14. Bxe5
Bxe5 15. dxe5 Ng7 16. Rad1 Qb6 17. Bg4 Bxg4 18. hxg4 Ne6 19. Na4 Qc7 20. b3 b5
21. Nb2 Nc5 22. Nd3 Nxd3 23. Qxd3 e6 24. c4 bxc4 25. bxc4 Rf4 26. cxd5 cxd5 27.
Qa6 Qb6 28. Qxb6 axb6 29. Re2 Rxg4 30. Rb1 Ra6 31. Rc2 Re4 32. Rc6 Rxe5 33.
Rcxb6 Re1+ 34. Rxe1 Rxb6 35. a4 Ra6 36. Ra1 Ra5 37. f4 Kf7 38. Kf2 Kf6 39. Kf3
h5 40. g4 hxg4+ 41. Kxg4 d4 42. Ra3 g5 43. fxg5+ Rxg5+ 44. Kf3 Ra5 45. Ke4 e5
46. Rf3+ Ke6 47. Rh3 Kd6 48. Rh6+ Kc5 49. Kxe5 Rxa4 50. Ke4 Ra3 51. Rh8 Re3+
52. Kf4 Kc4 53. Rc8+ Kd3 54. Rd8 Re1 55. Rd7 Kc3 56. Rc7+ Kd2 57. Kf3 d3 58.
Kf2 Re6 59. Kf3 Kd1 0-1

[Event "International chess holiday K21"]
[Site "Praha"]
[Date "2014.07.29"]
[Round "5"]
[White "Schoenmakers, Nico"]
[Black "Reichmann, Steffan"]
[Result "0-1"]
[WhiteElo "1885"]
[BlackElo "1966"]
[Annotator "Koller,Martin"]
[PlyCount "82"]
[TimeControl "240+2"]

1. e4 d6 2. f4 Nf6 3. Nc3 g6 4. d4 Bg7 5. Nf3 O-O 6. Be2 c5 7. d5 a6 8.
a4 Bg4 9. h3 Bxf3 10. Bxf3 Ne8 11. O-O Nd7 12. a5 b5 13. axb6 Qxb6 14. Qe2 Nc7
15. Kh1 e6 16. dxe6 fxe6 17. f5 exf5 18. exf5 Rae8 19. Qc4+ Kh8 20. Bf4 Rxf5
21. Bg4 Ne5 22. Bxe5 Rfxe5 23. Rf7 d5 24. Qa4 Qd6 25. Ne2 h5 26. Bf3 Rxe2 27.
Bxe2 Rxe2 28. Rd7 Qg3 29. Rg1 Re1 30. Rxg7 Rxg1+ 31. Kxg1 Qe1+ 32. Kh2 Qe5+ 33.
Kh1 Qxg7 34. Qc6 c4 35. c3 Kh7 36. Kg1 Qf7 37. Kh1 Ne8 38. Qxa6 Nf6 39. Qb6 Ne4
40. Kg1 Qe7 41. Qe3 Qc5 0-1

[Event "International chess holiday K21"]
[Site "Praha"]
[Date "2014.07.29"]
[Round "5"]
[White "Skopec, Lubos"]
[Black "Thomasson, Staffan"]
[Result "1-0"]
[WhiteElo "1959"]
[BlackElo "1882"]
[Annotator "Koller,Martin"]
[PlyCount "95"]
[TimeControl "240+2"]

1. e4 d5 2. exd5 Qxd5 3. Nc3 Qd6 4. Nf3 Nf6 5. d4 c6 6. Be2 Bf5 7. h3
Nbd7 8. O-O h6 9. Re1 O-O-O 10. Be3 g5 11. d5 Nxd5 12. Nxd5 Qxd5 13. Qxd5 cxd5
14. c4 Kb8 15. cxd5 Nf6 16. Bd4 Rg8 17. d6 Nd5 18. dxe7 Bxe7 19. Bc4 Bb4 20.
Be5+ Ka8 21. Rad1 Be6 22. Nd4 g4 23. Nxe6 fxe6 24. h4 Bd6 25. Bxd6 Rxd6 26. Rd4
g3 27. fxg3 Rxg3 28. Red1 a6 29. Bxd5 exd5 30. Rxd5 Rdg6 31. R1d2 Ka7 32. Kh2
R3g4 33. R5d4 Rg3 34. R4d3 R3g4 35. g3 a5 36. Kh3 b6 37. Rf2 Re4 38. Rdf3 Rge6
39. g4 a4 40. g5 hxg5 41. hxg5 Rg6 42. Rg2 Ree6 43. Kh4 Ka6 44. Rgf2 Re4+ 45.
Kh5 Rg8 46. Rf4 Rxf4 47. Rxf4 b5 48. g6 1-0

[Event "International chess holiday K21"]
[Site "Praha"]
[Date "2014.07.29"]
[Round "5"]
[White "Vesely, Jaromir"]
[Black "Andersson, Stefan"]
[Result "1-0"]
[WhiteElo "1949"]
[BlackElo "1902"]
[Annotator "Koller,Martin"]
[PlyCount "59"]
[TimeControl "240+2"]

1. d4 d5 2. c4 Nf6 3. cxd5 Nxd5 4. e4 Nb6 5. Nc3 g6 6. Be3 Bg7 7. h3
O-O 8. Nf3 N8d7 9. Be2 e5 10. O-O exd4 11. Bxd4 Nf6 12. Qc2 Be6 13. Bc5 Re8 14.
Rad1 Nfd7 15. Bd4 c6 16. Bxg7 Kxg7 17. b3 Qf6 18. Nd4 h5 19. f4 Nf8 20. e5 Qh4
21. f5 Bd5 22. e6 fxe6 23. f6+ Kf7 24. Qd2 Nh7 25. Qh6 Nxf6 26. Qh7+ Kf8 27.
Qxg6 Nbd7 28. Bxh5 Re7 29. Nxd5 cxd5 30. Nxe6+ 1-0

[Event "International chess holiday M21"]
[Site "Praha"]
[Date "2014.07.30"]
[Round "6"]
[White "Barthel, Ansgar"]
[Black "Dalling, Peter"]
[Result "1-0"]
[WhiteElo "2226"]
[BlackElo "1907"]

1. e4 e5 2. Nf3 Nf6 3. d4 Nxe4 4. Bd3 d5 5. dxe5 Be7 6. O-O O-O 7. c4
c6 8. cxd5 cxd5 9. Qc2 f5 10. exf6 Nxf6 11. Nd4 Bd6 12. h3 Bd7 13. Qb3 Nc6 14.
Be3 Nxd4 15. Bxd4 Bc6 16. Nc3 Kh8 17. Rad1 Ne4 18. Bxe4 dxe4 19. Qe6 Qc7 20.
Qxd6 Qxd6 21. Bxg7+ Kxg7 22. Rxd6 Rae8 23. Re1 Rf5 24. Re3 Rfe5 25. Ne2 R8e7
26. Nd4 Be8 27. f3 Bg6 28. fxe4 Bxe4 29. Rxe4 Rxe4 30. Nf5+ Kf7 31. Nxe7 Rxe7
32. Kf2 Rc7 33. Kf3 b5 34. g4 a5 35. Rd5 Rb7 36. Kf4 a4 37. Kg5 Kg7 38. h4 Rb6
39. Rd7+ Kg8 40. h5 h6+ 41. Kf5 Rc6 42. Rd5 Rb6 43. Ke5 Kg7 44. Rd7+ Kg8 45.
Rd6 Rxd6 46. Kxd6 Kf7 47. Kc5 Kf6 48. Kxb5 Kg5 49. Kxa4 1-0